• 首页
  • 本馆介绍
  • 公告通知
  • 最新文献
  • 馆藏检索
  • 电子资源
  • 读者导购
  • 参考咨询
  • 我的图书馆
  • 登录
  • 详细信息显示
  • 放入我的书架
  • 预约/预借图书
  • 作者相关作品
  • 分类相关作品
  • 丛书相关作品
  • 出版社相关作品

书目信息

  • 表格格式
  • 工作单格式
  • 卡片格式
题名:
酷炫的农业机器人
    
 
作者: 冯化太 主编
分册:  
出版信息: 汕头   汕头大学出版社  2018
页数: 150页
开本: 22cm
丛书名:
单 册:
中图分类: TP242.3
科图分类:
主题词: 农业--专用机器人--少儿读物
电子资源:
ISBN: 978-7-5658-3707-4
000 00645nam0 2200217 450
001 2358855326
005 20231229162117.70
010    @a978-7-5658-3707-4@dCNY 35.80
100    @a20190628d2018 cemy0chiy0120 ea
101 0  @achi
102    @aCN@b440000
105    @aa z 000yy
200 1  @a酷炫的农业机器人@b专著@f冯化太主编@Aku xuan de nong ye ji qi ren
210    @a汕头@c汕头大学出版社@d2018
215    @a150页@c彩图@d22cm
300    @a全民科普 创新中国 全民科普大阅读
606 0  @a农业@x专用机器人@j少儿读物
690    @aTP242.3@v5
701  0 @a冯化太@4主编@Afeng hua tai
801  2 @aCN@b辽宁北配@c20231205
905    @aBZT@dTP242.3@e8
    
    酷炫的农业机器人/冯化太主编.-汕头:汕头大学出版社,2018
    150页:彩图;22cm
    全民科普 创新中国 全民科普大阅读
    
    ISBN 978-7-5658-3707-4:CNY 35.80
    
●
相关链接 在五车中查询图书 在当当中查询图书 在豆瓣中查询图书


正题名:酷炫的农业机器人     索取号:TP242.3/8         预约/预借

序号 登录号 条形码 馆藏地/架位号 状态 备注
1 2001720244   2001720244   辽三/辽宁北配(第三批)/4278/ [索取号:TP242.3/8] 在馆    
2 2001720245   2001720245   辽三/辽宁北配(第三批)/4278/ [索取号:TP242.3/8] 在馆    
3 2001720246   2001720246   辽三/辽宁北配(第三批)/4278/ [索取号:TP242.3/8] 在馆    
4 2001720247   2001720247   辽三/辽宁北配(第三批)/4278/ [索取号:TP242.3/8] 在馆    
5 2001720248   2001720248   辽三/辽宁北配(第三批)/4278/ [索取号:TP242.3/8] 在馆    
6 2001720249   2001720249   辽三/辽宁北配(第三批)/4278/ [索取号:TP242.3/8] 在馆    
7 2001720250   2001720250   辽三/辽宁北配(第三批)/4278/ [索取号:TP242.3/8] 在馆    
8 2001720251   2001720251   辽三/辽宁北配(第三批)/4278/ [索取号:TP242.3/8] 在馆    
9 2001720252   2001720252   辽三/辽宁北配(第三批)/4278/ [索取号:TP242.3/8] 在馆    
10 2001720253   2001720253   辽三/辽宁北配(第三批)/4278/ [索取号:TP242.3/8] 在馆    
11 2001720254   2001720254   辽三/辽宁北配(第三批)/4278/ [索取号:TP242.3/8] 在馆    
12 2001720255   2001720255   辽三/辽宁北配(第三批)/4278/ [索取号:TP242.3/8] 在馆    
13 2001720256   2001720256   辽三/辽宁北配(第三批)/4278/ [索取号:TP242.3/8] 在馆    
14 2001720257   2001720257   辽三/辽宁北配(第三批)/4278/ [索取号:TP242.3/8] 在馆    
15 2001720258   2001720258   辽三/辽宁北配(第三批)/4278/ [索取号:TP242.3/8] 在馆    
16 2001720259   2001720259   辽三/辽宁北配(第三批)/4278/ [索取号:TP242.3/8] 在馆    
17 2001720260   2001720260   辽三/辽宁北配(第三批)/4278/ [索取号:TP242.3/8] 在馆    
18 2001720261   2001720261   辽三/辽宁北配(第三批)/4278/ [索取号:TP242.3/8] 在馆    
19 2001720262   2001720262   辽三/辽宁北配(第三批)/4278/ [索取号:TP242.3/8] 在馆    
20 2001720263   2001720263   辽三/辽宁北配(第三批)/4278/ [索取号:TP242.3/8] 在馆    
21 2001720264   2001720264   辽三/辽宁北配(第三批)/4278/ [索取号:TP242.3/8] 在馆    
22 2001720265   2001720265   辽三/辽宁北配(第三批)/4278/ [索取号:TP242.3/8] 在馆    
23 2001720266   2001720266   辽三/辽宁北配(第三批)/4278/ [索取号:TP242.3/8] 在馆    
24 2001720267   2001720267   辽三/辽宁北配(第三批)/4278/ [索取号:TP242.3/8] 在馆    
25 2001720268   2001720268   辽三/辽宁北配(第三批)/4278/ [索取号:TP242.3/8] 在馆    
26 2001720269   2001720269   辽三/辽宁北配(第三批)/4278/ [索取号:TP242.3/8] 在馆    
27 2001720270   2001720270   辽三/辽宁北配(第三批)/4278/ [索取号:TP242.3/8] 在馆    
28 2001720271   2001720271   辽三/辽宁北配(第三批)/4278/ [索取号:TP242.3/8] 在馆    
29 2001720272   2001720272   辽三/辽宁北配(第三批)/4278/ [索取号:TP242.3/8] 在馆    
30 2001720273   2001720273   辽三/辽宁北配(第三批)/4278/ [索取号:TP242.3/8] 在馆    
山东省滨州职业学院图书馆 欢迎您!
大连网信软件有限公司© 版权所有